| 000 | 00607cam a22002053a 4500 | ||
|---|---|---|---|
| 001 | 39853 | ||
| 003 | PGUSA | ||
| 005 | 20140828083904.0 | ||
| 008 | 120530s2012||||xxu|||||s|||||000 | eng d | ||
| 040 |
_aPGUSA _beng |
||
| 042 | _adc | ||
| 100 | 1 |
_aFrench, Harry W. _q(Harry Willard), _d1854- |
|
| 245 | 1 | 4 |
_aThe Lance of Kanana : _bA Story of Arabia _h[electronic resource] / _cHarry W. French |
| 260 |
_bProject Gutenberg, _c2012 |
||
| 506 | _aPublic domain in the USA. | ||
| 516 | _aElectronic text | ||
| 830 | 0 |
_aProject Gutenberg _v39853 |
|
| 856 | 4 | 0 | _uhttp://www.gutenberg.org/ebooks/39853 |
| 942 | _cEB | ||
| 999 |
_c269106 _d269106 |
||